000 00680nam a2200217 i 4500
001 90369
003 ES-MaACL
005 20230906180426.0
007 t|
008 050120s1950 fr ||||1| fre d
100 1 _aLe Bras, J.
_970844
245 1 4 _aLes dérivés chimiques du caoutchouc naturel /
_cpar J. Le Bras y A. Delalande ; préface de Jacques Duchaux.
260 _aParís :
_bDunod,
_c1950 (
_fChaix)
300 _aXVII, 485 p. ;
_c22 cm.
490 1 _aMateriaux de synthèse
700 1 _aDelalande, A.
_943302
700 1 _aDuchaux, Jacques.
_945819
830 0 _aMateriaux de synthèse
_9185566
852 _aES-MaACL
_jD-7696
_bR.30029
999 _c90369
_d90369